1419 1820 1797 1722 1111 1052 1808 1861 1989 1945 1333 1247 1947 1109 1505 1034 1075 1677 1794 1115 1435 1745 1398 1377 1351 1863 1507 1362 1695 1781 1523 1123 1670 1470 1199 1368 1754 1878 1719 1537 1577 1753 1510 1536 1586 1403 1132 1708 1327 1265 1764 1159 1747 1669 1292 1535 1606 1952 1403 1319 1805 1099 1250 1740 1986 1102 1639 1266 1299 1851 1141 1459 1675 1863 1899 1067 1905 1641 1974 1732 1386 1707 1096 1410 1909 1987 1648 1797 1857 1399 1841 1459 1633 1901 1480 1564 1466 1891 1245 BCNSPRNW ULIB Ver.6.0+V

เปลี่ยนเป็นภาษาไทย

Change to English
 แสดงรายละเอียดบรรณานุกรม
  กลับหน้าหลัก

Brief Record : Get Marc (ISO 2709) : E-mail record : QR code < ปิดหน้าต่าง
LEADER : 00000nam a2200000Ia 4500
001    13399114122
003     ULIB
008    110301s2554 th a 000 0 tha d
020    ^a9789741114191
060 04 ^aWY158^bก492
100 0  เอื้องพร พิทักษ์สังข์
245 00 ^aการพยาบาลและหัตถการทางตา /^cบรรณาธิการ, เอื้องพร พิทักษ์สังข์
260    ^aกรุงเทพฯ :^bโครงการตำรา-ศิริราช,^c2554
300    ^a164 หน้า :^bภาพประกอบสี ;^c25 ซม.
440  0 ^aโครงการตำรา-ศิริราช
650  4 ^aการพยาบาลจักษุวิทยา
650  4 ^aตา, โรค^xการพยาบาล
700 0  ^aเอื้องพร พิทักษ์สังข์,^eบรรณาธิการ
710 2  ^aมหาวิทยาลัยมหิดล. ^bคณะแพทยศาสตร์ศิริราชพยาบาล.
945    ^p500^l0^i18758
945    ^p500^l0^i18759
945    ^p500^l0^i18760
995    ^aเกษร
999 ^a ใช้งานได้ทุกระบบ
รายการนี้ยังไม่มีแท็ก
คุณยังไม่ได้ล็อกอิน คุณสามารถมีกิจกรรมร่วมกับเว็บไซต์ได้ แต่ต้องล็อกอินก่อน ::
  ล็อกอิน

รายการสื่อสารสนเทศ

ลำดับที่ ประเภท เลขเรียก/บาร์โค้ด สถานที่ สถานะ
1. วิทยาศาสตร์การแพทย์ และสุขภาพ
วิทยาศาสตร์การแพทย์ และสุขภาพ
สถานะ=หนังสือเก่า
WY158 ก492 ฉ.1 
  Barcode: 18758
ห้องสมุดวิทยาเขตนครสวรรค์
►ส่วนจัดเก็บหนังสือเก่า นว.
บนชั้น
  ขอยืม
2. วิทยาศาสตร์การแพทย์ และสุขภาพ
วิทยาศาสตร์การแพทย์ และสุขภาพ
สถานะ=หนังสือเก่า
WY158 ก492 ฉ.2 
  Barcode: 18759
ห้องสมุดวิทยาเขตนครสวรรค์
►ส่วนจัดเก็บหนังสือเก่า นว.
บนชั้น
  ขอยืม
3. วิทยาศาสตร์การแพทย์ และสุขภาพ
วิทยาศาสตร์การแพทย์ และสุขภาพ
สถานะ=หนังสือเก่า
WY158 ก492 ฉ.3 
  Barcode: 18760
ห้องสมุดวิทยาเขตนครสวรรค์
►ส่วนจัดเก็บหนังสือเก่า นว.
บนชั้น
  ขอยืม

รายการใกล้เคียง
    ผู้แต่ง [เอื้องพร พิทักษ์สังข์]

    หัวเรื่อง [การพยาบาลจักษุวิทยา]

BibComment


ยังไม่เคยถูกคอมเมนท์

คอมเมนท์ทรัพยากรรายการนี้
  คอมเมนท์: การพยาบาลและหัตถ..


 Copyright 2026. Bcnsprnw @Library